00000000nam##2200000za#4500
0019.590423
003CaOODSP
00520210624200122
007cr |||||||||||
008150406|1982||||xxc|||||o    f|0| 0 eng|d
040 |aCaOODSP|beng
041 |aeng
041 |afre
043 |an-cn---
0861 |aS52-2/166-1982-PDF
1101 |aCanada. |bPublic Works and Government Services Canada. |bTranslation Bureau.
24512|aA bilingual vocabulary on educational technology |h[electronic resource]
260 |aOttawa - Ontario : |bPublic Works and Government Services Canada. |c1982.
300 |a128p.
4901 |aTerminology bulletin |vNo. 166
500 |aDigitized edition from print. [Produced by Publishing and Depository Services, 2014.] On cover: Secretary of State, Translation Bureau, Terminology and Documentation Directorate.
590 |a14-22-Supp|b2014-12-24
792 |tVocabulaire bilingue de la technologie éducative |efre|w(CaOODSP)9.590424
830#0|aTerminology bulletin ;|vNo. 166|w(CaOODSP)9.500139
85640|ahttp://publications.gc.ca|qPDF|s1607 KB|uhttps://publications.gc.ca/collections/collection_2014/tpsgc-pwgsc/S52-2-166-1982.pdf|yNo. 166